000 00554nam a22001457a 4500
003 MACL
005 20170917123343.0
008 170917b xxu||||| |||| 00| 0 eng d
040 _cMACL
100 _aश्रीवास्‍तव, जितेन्‍द्र
_969129
245 _aभारतीय समाज की समस्‍याऍं और प्रेमचन्‍द
260 _aदिल्‍ली
_bउमेश लेजर प्रिंट्रस
_c2010
650 _aरचनावली
_9163
942 _2ddc
_cHIN
999 _c57038
_d57038